Nazwij sąsiada każdego stanu USA - Statystyki

Ogólne statystyki
  • Ten quiz został rozwiązany 120 razy
  • Średni wynik to 29 z 48
Statystyki odpowiedzi
Stan Granice % Poprawnych
Dakota Północna
91%
Dakota Południowa
91%
Karolina Północna
89%
Karolina Południowa
89%
Kalifornia
87%
Arizona
85%
Alabama
82%
Georgia
82%
Idaho
81%
Indiana
81%
Arkansas
80%
Floryda
80%
Illinois
76%
Luizjana
76%
Kentucky
75%
Kolorado
73%
Delaware
73%
Connecticut
72%
Iowa
68%
Kansas
66%
Michigan
61%
Nowy Jork
61%
Maine
59%
Maryland
59%
Massachusetts
59%
Nevada
59%
Nowy Meksyk
57%
Montana
56%
New Hampshire
53%
Minnesota
52%
Missisipi
52%
Missouri
51%
Oregon
51%
Nebraska
49%
New Jersey
49%
Ohio
48%
Oklahoma
48%
Pensylwania
43%
Teksas
43%
Tennessee
35%
Utah
35%
Waszyngton
33%
Wirginia Zachodnia
29%
Wirginia
29%
Rhode Island
28%
Vermont
25%
Wyoming
25%
Wisconsin
20%
Nie znaleziono quizów pasujących do podanych kryteriów
Rozkład punktacji
Procent ludzi z każdym wynikiem
Percentyl według liczby udzielonych odpowiedzi
Twoja historia wyników
Nie rozwiązałeś tego quizu